El concepto de la identidad y su uso: bosquejo del mapa para un proyecto que comienza
Guardat en:
| Autor principal: | |
|---|---|
| Format: | Desconegut |
| Publicat: |
San José, Costa Rica:
Porvenir,
|
| Matèries: | |
| Etiquetes: |
Afegir etiqueta
Sense etiquetes, Sigues el primer a etiquetar aquest registre!
|
MARC
| LEADER | 000000000a22000000004500 | ||
|---|---|---|---|
| 001 | 001687 | ||
| 022 | |a 0804-7383 | ||
| 041 | 0 | |a español | |
| 092 | 0 | |a Revista Noruega de Estudios Latinoamericanos | |
| 100 | 1 | |a Sahuquillo, Angel | |
| 245 | 1 | 3 | |a El concepto de la identidad y su uso: |b bosquejo del mapa para un proyecto que comienza |
| 260 | |a San José, Costa Rica: |b Porvenir, | ||
| 650 | 4 | |a IDENTIDAD (PSICOLOGIA) EN LA LITERATURA | |
| 773 | 0 | |t Revista Noruega de Estudios Latinoamericanos. Corriente del Golfo | |
| 773 | 0 | |g número 3-4 (1998) | |
| 773 | 0 | |g 1970-? | |
| 773 | 0 | |g 203-220 páginas | |
| 999 | |c 1978 |d 1978 | ||
